[Event "Stockerau op"]
[Site "Stockerau"]
[Date "1993.??.??"]
[Round "2"]
[White "Kacheishvili, Giorgi"]
[Black "Stajkov, Kalin"]
[Result "1-0"]
[WhiteElo "2395"]
[BlackElo "2240"]
[PlyCount "53"]
[EventDate "1993.??.??"]
[EventType "swiss"]
[EventRounds "9"]
[EventCountry "AUT"]
[SourceTitle "EXT 1997"]
[Source "ChessBase"]
[SourceDate "1996.11.15"]
[SourceVersion "1"]
[SourceVersionDate "1996.11.15"]
[SourceQuality "1"]

1. e4 c5 2. Nf3 Nc6 3. d4 cxd4 4. Nxd4 Nf6 5. Nc3 e5 6. Ndb5 d6 7. Bg5 a6 8. Na3 b5 9. Nd5 Qa5+ 10. Bd2 Qd8 11. c4 Nxe4 12. cxb5 Be6 13. Bc4 Ne7 14. Be3 Rb8 15. Rc1 Qa5+ 16. Kf1 Bxd5 17. Bxd5 Nf6 18. Bb3 d5 19. Ba7 Rb7 20. b6 g6 21. Ba4+ Nd7 22. Nc4 dxc4 23. Rxc4 Bg7 24. b4 Qd5 25. Rc8+ Nxc8 26. Qxd5 Ncxb6 27. Bxb6 1-0